00753nam a2200169 a 450000100100000000500170001000800410002704000250006808200150009311000770010824501690018526000700035430000200042404900090044495201130045399900170056600001430420200929163551.0091209s1974 dr 000 0 spa d aDO-SdBNPbspacBNPHU axxxbR426e1 aRepública Dominicana.bSecretaría de Estado de la Presidencia93226210aExposición del jefe de la misión de la República Dominicana ante la comisión ejecutiva permanente del consejo interamericano económico y social 1973-1974. aSanto Domingo :bSecretaría de Estado de la Presidencia,c1974. a59 p. ;c21 cm. aBNPD 0010718PDaPDbPDcCTd2009-12-09iLF1l0oxxx R426ep14304-10r2020-06-25w2020-06-25yLFPDZNo se presta c13900d13900